01119cam a2200313 a 450000100090000000300040000900500170001300800410003001000170007102000380008804000180012604200080014404300120015205000220016408200220018610000210020824501040022924600300033325000120036326000580037530000260043350000850045950400660054465000370061065000340064765000230068165000430070470000580074716628162OSt20230620113158.0110128s2011 enk b 001 0 eng  a 2011004242 a9780195384208 (hbk. : alk. paper) aDLCcDLCdDLC apcc an-us---00aKF156b.G367 201100a340.0322222bGAR1 aGarner, Bryan A.10aGarner's dictionary of legal usage /cBryan A. Garner ; with a foreword by Judge Thomas M. Reavley.30aDictionary of legal usage a3rd ed. aOxford ;aNew York :bOxford University Press,c2011. axxx, 991 p. ;c26 cm. aRev. ed. of: A dictionary of modern legal usage / Bryan A. Garner. 2nd ed. 1995. aIncludes bibliographical references (p. 961-963) and indexes. 0aLawzUnited StatesvTerminology. 0aLawzUnited StatesxLanguage. 0aLegal composition. 0aEnglish languagexUsagevDictionaries.1 aGarner, Bryan A.tA dictionary of modern legal usage.